Normal view
MARC view
Entry Personal Name
001 - CONTROL NUMBER
- control field: 5357
003 - CONTROL NUMBER IDENTIFIER
- control field: OSt
005 - DATE AND TIME OF LATEST TRANSACTION
- control field: 20190510143314.0
008 - FIXED-LENGTH DATA ELEMENTS
- fixed length control field: 190510|| aca||aabn | a|a d
040 ## - CATALOGING SOURCE
- Original cataloging agency: OSt
- Transcribing agency: OSt
100 ## - HEADING--PERSONAL NAME
- Personal name: Poister, Theodore H.
670 ## - SOURCE DATA FOUND
- Source citation: Work cat.: (OSt): Thomas, John Clayton 5354, How do legislators assess administrative performance? Georgia's Department of transportation in the eyes of the state's legislators , 2018
